00595nam a22001697a 450000500170000001000150001702000260003203500130005803700130007108200120008410000200009624501210011626000460023727000660028330000260034950000500037520161020150218.0 aENG-116244 a9780199458974c995.00 aEN-99776 bDBAD/PUB a294.682 aKamalroop Singh aGraṅth of guru Gobind Singh :cby Kamalroop Singh [and] Gurinder Singh Mannbessays, lectures, and translations / aNew Delhi bOxford University Pressc2015 aYMCA Library Building, 1 Jai Singh Road, bNew Delhi e110001 axii,284p. c22cm(pbk) aIncludes bibliographical references and index